Văn hiến làng xã vùng đất tổ Hùng Vương = Communal civilization in our ancestral land of King Hung /

Những truyền thống về thiết chế làng xã tự quản ở vùng trung du Vĩnh Phú.

Đã lưu trong:
Chi tiết về thư mục
Tác giả chính: Vũ Kim Biên.
Định dạng: Sách
Ngôn ngữ:Vietnamese
English
Được phát hành: Hà Nội : Sở Văn hoá thông tin Phú Thọ, 1999.
Những chủ đề:
Các nhãn: Thêm thẻ
Không có thẻ, Là người đầu tiên thẻ bản ghi này!
Thư viện lưu trữ: Mạng thư viện Đại học Đà Nẵng
LEADER 01135cam a2200361 i 4500
001 000042457
003 331
005 20150518160749.0
008 010217b1999 vm 000 vie
020 |c 63000 
022 |a T 
040 |a IRC  |c IRC  |d IRC 
041 0 |a vie  |h eng 
082 1 4 |a 307.72  |b VU-B 
100 1 |a Vũ Kim Biên. 
245 1 0 |a Văn hiến làng xã vùng đất tổ Hùng Vương =  |b Communal civilization in our ancestral land of King Hung /  |c Vũ Kim Biên. 
246 0 1 |a Communal civilization in our ancestral land of King Hung. 
260 |a Hà Nội :  |b Sở Văn hoá thông tin Phú Thọ,  |c 1999. 
300 |a 695 tr. ;  |c 20,5 cm. 
520 3 |a Những truyền thống về thiết chế làng xã tự quản ở vùng trung du Vĩnh Phú. 
630 0 4 |a Văn hiến làng xã. 
650 0 4 |a Văn hiến làng xã. 
650 0 4 |a Communal civilization. 
OWN |a DUT 
999 |a From the UDN01 
TYP |a Monograph 
TYP |a Printed language 
980 |a Mạng thư viện Đại học Đà Nẵng